Brownfield strategy policy consultation workshop (Record no. 106207)

MARC details
000 -LEADER
fixed length control field 01461cam a2200217 4500
001 - CONTROL NUMBER
control field ##L135777
008 - FIXED-LENGTH DATA ELEMENTS--GENERAL INFORMATION
fixed length control field 061211n2006 000 0 eng u
035 ## - SYSTEM CONTROL NUMBER
System control number (Sirsi) u135777
041 0# - LANGUAGE CODE
Language code of text/sound track or separate title eng
050 04 - LIBRARY OF CONGRESS CALL NUMBER
Classification number 333.73 $2 18
110 2# - MAIN ENTRY--CORPORATE NAME
Corporate name or jurisdiction name as entry element English Partnerships
9 (RLIN) 1764
245 00 - TITLE STATEMENT
Title Brownfield strategy policy consultation workshop
Remainder of title discussion paper
-- policy issues and outline proposals
260 ## - PUBLICATION, DISTRIBUTION, ETC.
Place of publication, distribution, etc. London
Name of publisher, distributor, etc. English Partnerships
Date of publication, distribution, etc. 2006
520 ## - SUMMARY, ETC.
Summary, etc. Outlines the key policy issues that have been raised through the process of developing a National Brownfield Strategy for England. Looks at the case for brownfield regeneration, the stock of brownfield land, and the issues and pressures that the strategy should address. Identifies six over-arching principles which include: focusing on areas that have the infrastructure to support redevelopment, taking full regard of the environmental impact of remediation, applying the highest design standards, and designing brownfield projects to support families and help combat anti-social behaviour. Concludes with a set of policy measures.
590 ## - LOCAL NOTE (RLIN)
Local note KA
651 #4 - SUBJECT ADDED ENTRY--GEOGRAPHIC NAME
Geographic name England
Chronological subdivision 886-
690 ## - LOCAL SUBJECT ADDED ENTRY--TOPICAL TERM (OCLC, RLIN)
Topical term or geographic name as entry element PROPERTY-PROPERTY MANAGEMENT-REGENERATION
710 1# - ADDED ENTRY--CORPORATE NAME
Corporate name or jurisdiction name as entry element United Kingdom
Subordinate unit Department for Communities and Local Government
9 (RLIN) 4939
856 40 - ELECTRONIC LOCATION AND ACCESS
Uniform Resource Identifier <a href="https://www.englishpartnerships.co.uk/page.aspx?pointerID=BDD60DCC260841C9B1B16D6E05D724FA">https://www.englishpartnerships.co.uk/page.aspx?pointerID=BDD60DCC260841C9B1B16D6E05D724FA</a>
Public note View the item free of charge at www.englishpartnerships.co.uk...
942 ## - ADDED ENTRY ELEMENTS (KOHA)
Suppress in OPAC 0
Holdings
Withdrawn status Lost status Source of classification or shelving scheme Damaged status Not for loan Home library Current library Shelving location Date acquired Total Checkouts Full call number Barcode Date last seen Copy number Price effective from Koha item type
    Dewey Decimal Classification     Virtual Virtual Online 11/12/2006   ONLINE PUBLICATION 135777-2001 06/08/2019 1 06/08/2019 Book